000 00703nam a2200253Ia 4500
003 OSt
005 20221007074357.0
006 a|||||r|||| 00| 0
007 ta
008 221006b |||||||| |||| 00| 0 eng d
024 _a32,213
037 _cTextual
040 _aFLL
_cFLL
_beng
041 _2eng
_aeng
082 _aZ2,315, P9
100 _aAgarwal Sanjiv
245 0 _aLimited liability partnership law and practice
250 _a1st
260 _aNagpur
_bLexisNexis Butterworths Wadhwa India
_c2009
300 _axxxviii,1042p
_ccm.
700 _a Aggarawal Rohini
942 _hZ2,315, P9
_cTEXL
_2CC
999 _c1152140
_d1152140